<?xml version="1.0" encoding="UTF-8"?><?xml-stylesheet type="text/xsl" href="static/style.xsl"?><OAI-PMH xmlns="http://www.openarchives.org/OAI/2.0/" xmlns:xsi="http://www.w3.org/2001/XMLSchema-instance" xsi:schemaLocation="http://www.openarchives.org/OAI/2.0/ http://www.openarchives.org/OAI/2.0/OAI-PMH.xsd"><responseDate>2026-06-30T01:12:57Z</responseDate><request verb="GetRecord" identifier="oai:riubu.ubu.es:10259/4530" metadataPrefix="marc">https://riubu.ubu.es/oai/request</request><GetRecord><record><header><identifier>oai:riubu.ubu.es:10259/4530</identifier><datestamp>2021-11-10T09:38:25Z</datestamp><setSpec>com_10259_3593</setSpec><setSpec>com_10259_5086</setSpec><setSpec>com_10259_2604</setSpec><setSpec>col_10259_3594</setSpec></header><metadata><record xmlns="http://www.loc.gov/MARC21/slim" xmlns:doc="http://www.lyncode.com/xoai" xmlns:xsi="http://www.w3.org/2001/XMLSchema-instance" xmlns:dcterms="http://purl.org/dc/terms/" xsi:schemaLocation="http://www.loc.gov/MARC21/slim http://www.loc.gov/standards/marcxml/schema/MARC21slim.xsd">
<leader>00925njm 22002777a 4500</leader>
<datafield tag="042" ind1=" " ind2=" ">
<subfield code="a">dc</subfield>
</datafield>
<datafield tag="720" ind1=" " ind2=" ">
<subfield code="a">García García, Patricia</subfield>
<subfield code="e">author</subfield>
</datafield>
<datafield tag="720" ind1=" " ind2=" ">
<subfield code="a">Sanjuán Cortázar, Ana María</subfield>
<subfield code="e">author</subfield>
</datafield>
<datafield tag="720" ind1=" " ind2=" ">
<subfield code="a">Rashid, Muhammad A.</subfield>
<subfield code="e">author</subfield>
</datafield>
<datafield tag="720" ind1=" " ind2=" ">
<subfield code="a">Martínez Cuezva, Alberto</subfield>
<subfield code="e">author</subfield>
</datafield>
<datafield tag="720" ind1=" " ind2=" ">
<subfield code="a">Fernández Rodríguez, Manuel A.</subfield>
<subfield code="e">author</subfield>
</datafield>
<datafield tag="720" ind1=" " ind2=" ">
<subfield code="a">Rodríguez, Félix</subfield>
<subfield code="e">author</subfield>
</datafield>
<datafield tag="720" ind1=" " ind2=" ">
<subfield code="a">Sanz Díez, Roberto</subfield>
<subfield code="e">author</subfield>
</datafield>
<datafield tag="260" ind1=" " ind2=" ">
<subfield code="c">2017-01</subfield>
</datafield>
<datafield tag="520" ind1=" " ind2=" ">
<subfield code="a">A convenient method for the preparation of synthetically useful 3-&#xd;
iodoindene derivatives has been developed. This protocol, based on the 5-endo&#xd;
iodocyclization reaction of o-(alkynyl)styrenes, represents one of the scarce examples of&#xd;
halocyclizations using olefins as nucleophilic counterparts and allows the synthesis of both&#xd;
3-iodo-1H-indenes (from β-alkyl-β-alkyl/aryl-o-(alkynyl)styrenes) and 3-iodobenzofulvenes&#xd;
(from β,β-diaryl-o-(alkynyl)styrenes) in good yields under mild reaction conditions.&#xd;
In addition, related alkoxyiodocyclization processes are described, which are particularly&#xd;
interesting in their intramolecular version because they allow the synthesis of&#xd;
heteropolycyclic structures containing the indene core. Finally, the usefulness of the&#xd;
prepared 3-iodoindenes has been demonstrated by the synthesis of several polysubstituted&#xd;
indene derivatives through conventional palladium-catalyzed cross-coupling reactions and&#xd;
iodine−lithium exchange processes.</subfield>
</datafield>
<datafield tag="024" ind2=" " ind1="8">
<subfield code="a">0022-3263</subfield>
</datafield>
<datafield tag="024" ind2=" " ind1="8">
<subfield code="a">http://hdl.handle.net/10259/4530</subfield>
</datafield>
<datafield tag="024" ind2=" " ind1="8">
<subfield code="a">10.1021/acs.joc.6b02788</subfield>
</datafield>
<datafield tag="245" ind1="0" ind2="0">
<subfield code="a">Synthesis of Functionalized 1H-Indenes and Benzofulvenes through Iodocyclization of o-(Alkynyl)styrenes</subfield>
</datafield>
</record></metadata></record></GetRecord></OAI-PMH>